Estadísticas para Los continentes del mundo

Haz click aquí para intentar la prueba.

Estadísticas generales

  • Esta prueba ha sido intentada 2.251 veces
  • La puntuación promedio es 7 de 7

Respuestas en el mapa

Las respuestas están codificadas por una escala verde-roja en el mapa de la prueba según el % correcto abajo.
 

Estadísticas de respuestas

Continente% Correcto
África
99%
Asia
99%
Australia
98%
Europa
98%
Norte América
95%
Sudamérica
95%
Antártida
88%

Distribución de puntuación

Porcentaje por número respondido

Porcentaje de gente con cada puntuación

Historial de tus puntuaciones

No has intentado esta prueba.